Visualizzazione normale
Vista MARC
- Leydi Roberto
di Personal Name
Records bibliografici associati: 1
001 - CONTROL NUMBER
- control field: 24025
003 - CONTROL NUMBER IDENTIFIER
- control field: IT-RoPau
005 - DATE AND TIME OF LATEST TRANSACTION
- control field: 20140505210507.0
008 - FIXED-LENGTH DATA ELEMENTS
- fixed length control field: 140505|| aca||aabn | a|a d
040 ## - CATALOGING SOURCE
- Original cataloging agency: IT-RoPau
- Transcribing agency: IT-RoPau
100 ## - HEADING--PERSONAL NAME
- Personal name: Leydi Roberto
- Miscellaneous information: Codice interprete SPICS: 4644
- Relator term: Interprete
670 ## - SOURCE DATA FOUND
- Source citation: Work cat.: (IT-RoPau)100676: Leydi Roberto 24021, Cantastorie (05), 1978 [1a Ed.:1978 - Ed. Lingua Orig.: 1978]